000 01127nam a2200253 a 4500
001 BRCA_8930
003 FranzMayer
005 20230721111551.0
008 290617s1688----po-#######---#000-0#spa-#
040 _aMFM
_cMFM
041 _aspa
044 _apo
084 _aLE19
_b.B37 1688
100 1 _aBarzia y Zambrana, Joseph de
_922196
245 1 0 _aQuaresma de sermones doctrinales para el Domingo de Ramos, días de Semana Santa, y Resurrección, con remissiones copiosas al Despertador Christiano
_btomo II: que se dedica al ilustrissimo señor el señor Dean, y Cabildo de la Santa Iglesia de Toledo, Primada de las Españas
_csu autor el Doctor Don Joseph de Barzia y Zambrana...
260 _aLisboa
_ben la Imprenta de Miguel Deslandes
_c1688
300 _a456 p. (t.3)
_c20.2 16 cm
500 _aCon todas las licencias necesarias, y Privilegio
500 _aEstado físico: presenta encuadernación en pergamino con cintas rotas y semi desprendido
650 1 4 _aSermones españoles
_yObras anteriores a 1800
_921577
650 1 4 _aSanto sudario
_yObras anteriores a 1800
_922197
902 _aCFM
942 _2lcc
_cB
999 _c8581
_d8581